| 000 | 004630000a22001690004500 | ||
|---|---|---|---|
| 041 | 0 | _aENG | |
| 082 | 0 | 4 | _aG 268.432 M9361g |
| 100 | 1 | _aMow, Anna B. | |
| 245 | 1 | 0 | _aYour Child : How to prepare Children to love and live for God / Anna B. Mow |
| 260 | _aGrand Rapids, MI., USA : Zondervan | ||
| 300 | _a152 Pag | ||
| 001 | 7984 | ||
| 942 | _cBK | ||
| 999 |
_c38183 _d38183 |
||
| 336 |
_atexto _btxt _2rdacontent |
||
| 337 |
_2rdamedia _asin mediación _bn |
||
| 338 |
_2rdacarrier _avolumen _bnc |
||